000 01352nam1a22003731i 4500
001 v19\rc\1615688
005 20260407065512.0
035 _a(NLR Aleph) 004734327
090 _a4463436
_c4463436
100 _a20061002d1898 |||y0rusy50 ca
101 0 _arus
102 _aRU
105 _az |||||
200 1 _aКритические этюды
_eЧ. 1-
_fВиссарион Григорьевич Белинский (1811-1848)
210 _aСанкт-Петербург
_cИ. Глазунов
_d1898
215 _d20
225 1 _aРусская классная библиотека, изд. под редакцией А.Н. Чудинова
_eПособие при изучении рус. лит.
_vВып. 27
700 1 _8rus
_7ca
_aБелинский
_bВ. Г.
_f1811-1848
_gВиссарион Григорьевич
_3RU\NLR\AUTH\7716241
_9125881
801 0 _aRU
_bNLR
_gpsbo
801 0 _aRU
_bRuMoRGB
_2psbo
801 1 _aRU
_bProSoft-M
_2rusmarc
801 2 _aRU
_bNLR
_c20130205
_2rusmarc
852 _aNLR
_j20.104.4.73
899 _aRuMoRGB
_jA 193/217g
899 _aГПИБ
899 _aНБ МГУ
899 _aRuMoRGB
_jW 20/173
899 _aRuMoRGB
_jR 290/135
899 _aRuMoRGB
_jU 91/693
899 _aRuMoRGB
_jРб 8/380
899 _aRuMoRGB
_j801-83/15034-4
899 _aБАН
899 _aНБ СПбГУ
942 _cBOOK